000 00671cab a2200241 4500
001 ABS55419
008 090401t1996 xxu||||| |||| 00| 0 eng d
035 _a(Sirsi) u16299
041 _aeng
100 _aRennie, R.
245 _aSetting missives up - and apart
260 _c1996
350 _a0
490 _aProperty Law
_v(19) February 1996, 2-4(3)
520 _aOutlines the Requirements of Writing (Scotland) Act 1995 with redard to missives.
650 _aMISSIVES
650 _aREQUIREMENTS OF WRITING(SCOTLAND) ACT 1995
650 _aSCOTLAND
650 _aSCOTS LAW
690 _aPROPERTY LAW AND PRACTICE
942 _n0
948 _c04/03/1997
999 _c10715
_d10715